El puente romano de Alconetar / (Record no. 122386)

MARC details
000 -LEADER
campo de control de longitud fija 00661nam a2200193 4500
001 - NÚMERO DE CONTROL
campo de control 122386
003 - IDENTIFICADOR DE NÚMERO DE CONTROL
campo de control ES-MaACL
005 - FECHA Y HORA DE LA ÚLTIMA TRANSACCIÓN
campo de control 20250904063057.0
007 - CAMPO FIJO DE DESCRIPCIÓN FÍSICA--INFORMACIÓN GENERAL
campo de control de longitud fija t|
008 - DATOS DE LONGITUD FIJA--INFORMACIÓN GENERAL
campo de control de longitud fija 070214s1925 sp r ||||1| spa d
100 1# - ENTRADA PRINCIPAL--NOMBRE DE PERSONA
Nombre de persona Prieto y Vives, Antonio,
Fechas asociadas al nombre 1870-1939
9 (RLIN) 151036
245 13 - MENCIÓN DEL TÍTULO
Título El puente romano de Alconetar /
Mención de responsabilidad, etc. Antonio Prieto Vives.
260 ## - PUBLICACIÓN, DISTRIBUCIÓN, ETC.
Lugar de publicación, distribución, etc. [S. l.] :
Nombre del editor, distribuidor, etc. [s. n.],
Fecha de publicación, distribución, etc. 1925.
300 ## - DESCRIPCIÓN FÍSICA
Extensión 12 p. :
Otras características físicas il. ;
Dimensiones 28 x 20 cm.
490 1# - MENCIÓN DE SERIE
Mención de serie Del `Archivo Español de Arte y Arqueología`, nº II, 1925, pp. 147 - 158
830 00 - PUNTO DE ACCESO ADICIONAL DE SERIE-TÍTULO UNIFORME
Título uniforme Archivo español de arte y arqueología
9 (RLIN) 181041
852 ## - LOCALIZACIÓN
Ubicación ES-MaACL
Número de control de estantería 1692-F-21
Sublocalización o colección R.5445
Holdings
Estatus retirado Estado de pérdida Estado de daño No para préstamo Colección Biblioteca de origen Biblioteca actual Ubicación en estantería Fecha de adquisición Fuente de adquisición Total de préstamos Signatura topográfica completa Código de barras Visto por última vez Precio de reemplazo Tipo de ítem Koha
        Colección de folletos Biblioteca del Ateneo de Madrid Biblioteca del Ateneo de Madrid Depósito folletos 17/01/2008     1692-F-21 1127532 23/02/2023 23/02/2023 Folleto